A review of fire projects in Indonesia (1982-1998)

Bibliographic Details
Main Author: DENNIS
Corporate Author: Center for International Forestry Research (CIFOR)
Format: Book
Published: Bogor, Indonesia : Center for International Forestry Research , 1999
Subjects:

MARC

LEADER 00000cam a2200000 7i4500
001 0000003036
005 20040409.0
020 0 0 |a 9798764307 
090 0 0 |a 628.922   |b DEN 1999 
100 1 0 |a DENNIS   |h Rona 
245 1 2 |a A review of fire projects in Indonesia (1982-1998)   |c Rona Dennis 
260 0 0 |a Bogor, Indonesia :   |b Center for International Forestry Research ,   |c 1999 
300 |a xvi, 105 p. :   |b col. maps ;   |c 26 cm. 
500 0 0 |a Bibliodraphy : 91-105 
650 0 0 |a Fire prevention 
650 0 0 |a Fires 
710 1 1 |a Center for International Forestry Research (CIFOR) 
998 |a JPSM 
999 |a 0000003579   |b Monograph   |c Open Shelf   |e Default branch